| 000 | 00374nam a2200145Ia 4500 | ||
|---|---|---|---|
| 003 | LK-CoDNM | ||
| 008 | 010623t1894 xxu||||| |||| 00| 1 eng d | ||
| 040 |
_aLK-CoDNM _dLK-CoDNM _eLK-CoDNM |
||
| 041 | _aeng | ||
| 080 |
_a50 _bH18 |
||
| 245 | _aThe Ceylon Churchman : Ceylon Diocesan Gazette | ||
| 260 |
_bCeylon Examiner _aColombo _c1894 |
||
| 300 | _b8p., 25 cm | ||
| 942 | _cBK | ||
| 999 |
_c83915 _d83915 |
||